| 000 | 00449nam a22001697a 4500 | ||
|---|---|---|---|
| 003 | NUST - PNEC | ||
| 005 | 20170116181113.0 | ||
| 008 | 151004b xxu||||| |||| 00| 0 eng d | ||
| 020 | _a9698064184 | ||
| 040 | _cLIBRARY | ||
| 082 | _a954.9105 JIL | ||
| 100 |
_913040 _aJillani, Anees |
||
| 245 |
_aAdvance towards democracy : The Pakistani experience _cAnees Jillani |
||
| 260 | _cc.1990 | ||
| 650 |
_913041 _aPakistan _xHistory |
||
| 942 |
_2ddc _cBK |
||
| 999 |
_c69205 _d69205 |
||